[Event "New Delhi Parsvnath op-B 16th"]
[Site "New Delhi"]
[Date "2018.01.10"]
[Round "4"]
[White "Tirtha, Sarkar"]
[Black "Rajendra, Kumar Bajpai"]
[Result "1-0"]
[WhiteElo "1759"]
[BlackElo "1928"]
[PlyCount "77"]
[EventDate "2018.01.09"]
[EventType "swiss"]
[EventRounds "10"]
[EventCountry "IND"]
[SourceTitle "CBM 182 Extra"]
[Source "ChessBase"]
[SourceDate "2018.02.23"]
[SourceVersion "1"]
[SourceVersionDate "2018.02.23"]
[SourceQuality "1"]

1. d4 d5 2. Nf3 Nf6 3. Bf4 Bf5 4. e3 Nbd7 5. Bd3 Bg4 6. h3 Bh5 7. Nbd2 Nb6 8. a4 a5 9. c3 e6 10. Qb3 Be7 11. Bb5+ c6 12. Bd3 Bg6 13. Bxg6 hxg6 14. Ne5 Nfd7 15. Nxd7 Kxd7 16. 0-0-0 Ra7 17. e4 Na8 18. exd5 exd5 19. Nf3 Kc8 20. Rhe1 b6 21. Ne5 Qd6 22. Bg3 Qf6 23. Rd3 Rh5 24. Rde3 Bd8 25. Ng4 Qg5 26. Kb1 Qf5+ 27. Ka2 Rh8 28. Ne5 Qe6 29. Qd1 f5 30. Nc4 Qg8 31. Nd6+ Kd7 32. Qe2 Qf8 33. Re8 Nc7 34. Rxf8 Rxf8 35. c4 g5 36. Be5 g6 37. cxd5 cxd5 38. Nb5 Rb7 39. Bxc7 1-0